| 000 | 00600nam a2200253Ia 4500 | ||
|---|---|---|---|
| 008 | 171025s9999 xx 000 0 und d | ||
| 020 | _a679731148 | ||
| 050 | _a944.92 | ||
| 050 | _bM469 1991 | ||
| 100 | _aMayle, Peter | ||
| 245 | 2 | _aA year in provence / | |
| 245 | _cby Peter Mayle. | ||
| 260 | _aUSA : | ||
| 260 | _bVintage Books, | ||
| 260 | _c1991 | ||
| 300 | _a207 pages : | ||
| 300 | _billustrations ; | ||
| 300 | _c20cm. | ||
| 650 | _aHomes and haunts -- | ||
| 650 | _aProvence (France) -- | ||
| 650 | _xFrance. | ||
| 650 | _xSocial life and customs. | ||
| 700 | _aTitle. | ||
| 999 |
_c344830 _d344830 |
||